[Event "Birjand to mark the week Sport N2 1395"]
[Site "Birjand"]
[Date "2016.10.24"]
[Round "9.3"]
[White "Noferesti, Ehsan"]
[Black "Armand, Mehrnoosh"]
[Result "1-0"]
[WhiteElo "1258"]
[BlackElo "1085"]
[PlyCount "85"]
[EventDate "2016.10.24"]
[EventType "tourn"]
[EventRounds "9"]
[EventCountry "IRI"]
[SourceTitle "EXT 2024"]
[Source "ChessBase"]
[SourceDate "2023.10.10"]
[SourceVersion "1"]
[SourceVersionDate "2023.10.10"]
[SourceQuality "1"]

1. d4 d5 2. Bf4 Bf5 3. Nf3 Nc6 4. e3 a6 5. a3 Nf6 6. Be2 e6 7. 0-0 Nd7 8. Nbd2 f6 9. c4 Nb6 10. Rc1 h5 11. h3 g5 12. Bh2 Na7 13. c5 Nd7 14. Qb3 Qc8 15. Bd3 Bxd3 16. Qxd3 Bh6 17. Qg6+ Ke7 18. Bd6+ Kd8 19. Bh2 g4 20. hxg4 hxg4 21. Qxg4 Ke7 22. e4 Qg8 23. Qxg8 Raxg8 24. exd5 exd5 25. Bxc7 Nc6 26. Rc2 Rg7 27. Re1+ Kf7 28. Nf1 Rgh7 29. N3h2 Na5 30. Bxa5 Bf4 31. g3 Rg8 32. Kg2 f5 33. Ne3 Bxe3 34. Rxe3 Nf6 35. Rce2 Ng4 36. Nxg4 Rxg4 37. Re7+ Kg8 38. Rxh7 Kxh7 39. Re7+ Kg8 40. Rxb7 f4 41. c6 fxg3 42. fxg3 Rg7 43. c7 1-0

[Event "Birjand to mark the week Sport N2 1395"]
[Site "Birjand"]
[Date "2016.10.24"]
[Round "7.4"]
[White "Noferesti, Ehsan"]
[Black "Mizani, Javad"]
[Result "0-1"]
[WhiteElo "1258"]
[BlackElo "1818"]
[PlyCount "38"]
[EventDate "2016.10.24"]
[EventType "tourn"]
[EventRounds "9"]
[EventCountry "IRI"]
[SourceTitle "EXT 2024"]
[Source "ChessBase"]
[SourceDate "2023.10.10"]
[SourceVersion "1"]
[SourceVersionDate "2023.10.10"]
[SourceQuality "1"]

1. c4 e5 2. Nc3 Nf6 3. d3 Bc5 4. g3 0-0 5. Bg2 Ng4 6. e3 d6 7. Bh3 f5 8. Nf3 f4 9. d4 fxe3 10. fxe3 Bb4 11. Bd2 Bxc3 12. Bxc3 Nxe3 13. Qe2 Bxh3 14. Qxe3 Bg2 15. Nh4 Bxh1 16. d5 Nd7 17. 0-0-0 Bxd5 18. cxd5 Nf6 19. Nf5 Nxd5 0-1